000 00386nam a2200145Ia 4500
008 230312s9999||||xx |||||||||||||| ||und||
020 _a0070483159
082 _a621.314
_bTRA
245 0 _aTransformers
260 _bTata mcGraw-Hill
_aNew York
_c2007
300 _a614
546 _aEng.
650 _aEngineering
_vmagntic circuits, Cooling arrangements, Electromagnetic
942 _cBK
999 _c1513
_d1513